Štúdium extrahovateľnosti steviozidov z listov Stevia rebaudiana, Bertoni

Guardado en:
Detalles Bibliográficos
Autor principal: Fekiačová, Mária
Formato: Libro
Lenguaje:eslovaco
Publicado: Bratislava STU FCHPT 2006
Acceso en línea:Ver en el OPAC
Etiquetas: Agregar Etiqueta
Sin Etiquetas, Sea el primero en etiquetar este registro!

MARC

LEADER 00000nam a2200000 a 4500
005 20260127134319.0
008 060607 2006 xo 000 0 slo d
035 |a vtls008775290 
039 9 |y 200606220859  |z mschk03 
040 |a STUSCHK1  |b slo  |c STUSCHK1  |e AACR2 
100 1 |a Fekiačová, Mária 
245 1 |a Štúdium extrahovateľnosti steviozidov z listov Stevia rebaudiana, Bertoni 
260 |a Bratislava  |b STU FCHPT  |c 2006 
300 |a 113 s.  |b tab.,grafy, lit. bez CD-ROMu 
500 |a Obháj.: 7.6. 2006 
500 |a Špec.: Chémia a technológia sacharidov a cereálií 
500 |a Ústav biotechnológie a potravinárstva 
910 |a SCHK95 
999 |c 9570  |d 9570